[Event "Skakligaen 2019-20"]
[Site "Denmark"]
[Date "2020.01.12"]
[Round "5.1"]
[White "Andersen, Mads"]
[Black "Baekgaard, Martin"]
[Result "0-1"]
[WhiteElo "2601"]
[BlackElo "2299"]
[PlyCount "136"]
[EventDate "2019.11.23"]
[EventType "team-tourn"]
[EventRounds "9"]
[WhiteTeam "Skanderborg"]
[BlackTeam "Nordre"]
[WhiteTeamCountry "DEN"]
[BlackTeamCountry "DEN"]

1. d4 d5 2. Bf4 Nf6 3. e3 g6 4. Nc3 Bg7 5. h4 c6 6. Be2 h5 7. Nf3 Bg4 8. Ne5
Bxe2 9. Qxe2 Nbd7 10. O-O-O Qa5 11. Kb1 Nxe5 12. Bxe5 O-O-O 13. f3 Ne8 14. Bxg7
Nxg7 15. e4 e6 16. Rd3 Qc7 17. Qe3 Kb8 18. Qg5 Ne8 19. e5 Rc8 20. Ne2 Qd8 21.
Qxd8 Rxd8 22. Kc1 Ng7 23. Kd2 Nf5 24. b4 Kc7 25. Rc3 Kd7 26. Ke1 Ra8 27. Rb3 b5
28. Ra3 a5 29. bxa5 Ra7 30. Kf2 Rha8 31. g4 Ng7 32. Rb1 Rxa5 33. Rxa5 Rxa5 34.
Rb2 Ra3 35. Nf4 Ke7 36. Nd3 Ne8 37. Kg3 hxg4 38. fxg4 Kf8 39. Kf4 Kg7 40. Nb4
Rc3 41. Rb3 Rc4 42. c3 c5 43. Nc6 Nc7 44. Ke3 cxd4+ 45. Nxd4 Ra4 46. a3 f6 47.
Kf4 f5 48. gxf5 exf5 49. Kf3 Kh6 50. Nxb5 Nxb5 51. Rxb5 Rxa3 52. Rxd5 Rxc3+ 53.
Kf4 Rc4+ 54. Kg3 Rg4+ 55. Kf3 Rxh4 56. Rd7 Kg5 57. Rf7 Rf4+ 58. Kg3 Re4 59. Re7
f4+ 60. Kf2 Kf5 61. Rf7+ Kxe5 62. Rf8 Ra4 63. Kf3 Ra3+ 64. Kf2 g5 65. Kg2 Ke4
66. Rf7 Ra2+ 67. Kg1 Kf3 68. Rb7 Kg3 0-1

[Event "Skakligaen 2019-20"]
[Site "Denmark"]
[Date "2020.01.12"]
[Round "5.2"]
[White "Petersen, Tom Petri"]
[Black "Bjerre, Jonas Buhl"]
[Result "0-1"]
[WhiteElo "2309"]
[BlackElo "2529"]
[PlyCount "74"]
[EventDate "2019.11.23"]
[EventType "team-tourn"]
[EventRounds "9"]
[WhiteTeam "Nordre"]
[BlackTeam "Skanderborg"]
[WhiteTeamCountry "DEN"]
[BlackTeamCountry "DEN"]

1. d4 Nf6 2. Bf4 c5 3. e3 Nd5 4. Bg3 Qb6 5. Nc3 Nxc3 6. bxc3 g6 7. Bd3 Qa5 8.
Qd2 Bg7 9. Nf3 d6 10. O-O O-O 11. h3 Nc6 12. a3 Qa4 13. Rab1 a6 14. Qc1 Na5 15.
Qb2 Be6 16. Nd2 Rfc8 17. Rfc1 Rc7 18. Nb3 c4 19. Nxa5 cxd3 20. Qb6 dxc2 21.
Qxc7 cxb1=Q 22. Rxb1 Rc8 23. Qb6 Qxa3 24. c4 Bf5 25. Rb3 Qa1+ 26. Kh2 Bf6 27.
Rb4 h5 28. f3 h4 29. Bf2 e5 30. e4 exd4 31. Rb1 Qa2 32. Rb2 Be5+ 33. Kg1 Qa4
34. Rb1 Be6 35. Nxb7 d3 36. Nxd6 d2 37. Rf1 d1=Q 0-1

[Event "Skakligaen 2019-20"]
[Site "Denmark"]
[Date "2020.01.12"]
[Round "5.3"]
[White "Ochsner, Bjorn Moller"]
[Black "Sloth, Jorn"]
[Result "1-0"]
[WhiteElo "2491"]
[BlackElo "2313"]
[PlyCount "100"]
[EventDate "2019.11.23"]
[EventType "team-tourn"]
[EventRounds "9"]
[WhiteTeam "Skanderborg"]
[BlackTeam "Nordre"]
[WhiteTeamCountry "DEN"]
[BlackTeamCountry "DEN"]

1. e4 Nf6 2. e5 Nd5 3. d4 d6 4. c4 Nb6 5. exd6 exd6 6. Nc3 Nc6 7. Nf3 Bg4 8.
Be2 Be7 9. d5 Bxf3 10. Bxf3 Ne5 11. Be2 O-O 12. b3 Bf6 13. Bb2 Re8 14. O-O a5
15. Qc2 Ng6 16. Bd3 a4 17. Rad1 axb3 18. axb3 Nd7 19. g3 Nc5 20. Bf5 Na6 21.
Kg2 Nb4 22. Qd2 Na2 23. Nxa2 Rxa2 24. Bxf6 Rxd2 25. Bxd8 Rxd1 26. Bxc7 Rxf1 27.
Kxf1 Ne7 28. Bh3 Ra8 29. Bxd6 Kf8 30. Bc5 Ke8 31. d6 Nc6 32. d7+ Kd8 33. Bb6+
Ke7 34. b4 Ne5 35. d8=Q+ Rxd8 36. Bxd8+ Kxd8 37. Bg2 Kc7 38. Bd5 Nd3 39. Bxf7
Nxb4 40. Bg8 h6 41. Ke2 Kd6 42. Ke3 Kc5 43. Ke4 Nc6 44. f4 Na5 45. Kf5 Nxc4 46.
Kg6 b5 47. Kxg7 b4 48. f5 b3 49. f6 b2 50. Bh7 Kd5 1-0

[Event "Skakligaen 2019-20"]
[Site "Denmark"]
[Date "2020.01.12"]
[Round "5.4"]
[White "Veng, Johnni"]
[Black "Olsen, Filip Boe"]
[Result "1/2-1/2"]
[WhiteElo "2253"]
[BlackElo "2348"]
[PlyCount "99"]
[EventDate "2019.11.23"]
[EventType "team-tourn"]
[EventRounds "9"]
[WhiteTeam "Nordre"]
[BlackTeam "Skanderborg"]
[WhiteTeamCountry "DEN"]
[BlackTeamCountry "DEN"]

1. d4 Nf6 2. Nf3 e6 3. c4 d5 4. Nc3 c6 5. Bg5 h6 6. Bxf6 Qxf6 7. Qb3 Nd7 8. e4
dxc4 9. Bxc4 b5 10. Be2 e5 11. d5 a6 12. dxc6 Qxc6 13. O-O Qe6 14. Nd5 Bd6 15.
Rfc1 O-O 16. Nc7 Qxb3 17. axb3 Rb8 18. Nxa6 Rb6 19. Nc7 Nc5 20. Nd2 Bd7 21. Nd5
Rb7 22. b4 Na4 23. Nb3 Rc8 24. Rxc8+ Bxc8 25. Bxb5 Rxb5 26. Rxa4 Be6 27. Nc3
Rb8 28. Nc5 Bxc5 29. bxc5 Rxb2 30. Ra3 Rc2 31. f3 Kf8 32. Ra8+ Ke7 33. Ra7+ Ke8
34. Nb5 Rxc5 35. Nc7+ Kf8 36. Nxe6+ fxe6 37. Kf2 Kg8 38. Kg3 Rb5 39. Re7 Rb6
40. Rc7 Rb5 41. Ra7 Rc5 42. h3 Rb5 43. Kg4 Kf8 44. h4 Rb2 45. Kg3 Rb5 46. Kg4
Rb2 47. g3 Rb5 48. h5 Rc5 49. Rb7 Ra5 50. Rc7 1/2-1/2

[Event "Skakligaen 2019-20"]
[Site "Denmark"]
[Date "2020.01.12"]
[Round "5.5"]
[White "Pedersen, Nicolai Vesterbaek"]
[Black "Christensen, Jan Schleicher"]
[Result "1-0"]
[WhiteElo "2391"]
[BlackElo "2177"]
[PlyCount "101"]
[EventDate "2019.11.23"]
[EventType "team-tourn"]
[EventRounds "9"]
[WhiteTeam "Skanderborg"]
[BlackTeam "Nordre"]
[WhiteTeamCountry "DEN"]
[BlackTeamCountry "DEN"]

1. Nf3 Nf6 2. c4 c5 3. g3 b6 4. Bg2 Bb7 5. O-O e6 6. Nc3 a6 7. Re1 d6 8. e4 Be7
9. d4 cxd4 10. Nxd4 Qc7 11. Qe2 Nbd7 12. a4 O-O 13. a5 Rac8 14. axb6 Nxb6 15.
b3 Rfe8 16. Bb2 Nbd7 17. Rac1 Nc5 18. Qd1 Qb6 19. Rb1 Bf8 20. Ba1 Rb8 21. g4 g6
22. g5 Nh5 23. Nde2 Qd8 24. Qd2 Be7 25. h4 Qc7 26. Bf3 Ng7 27. Nf4 Ba8 28. Bd1
d5 29. cxd5 Bd6 30. Ng2 exd5 31. Nxd5 Bxd5 32. Qxd5 Rbd8 33. Qc4 Qb7 34. e5 Bf8
35. Bg4 Nce6 36. Qe4 Qb6 37. b4 Rd2 38. Ne3 Red8 39. Red1 Rxd1+ 40. Bxd1 Rd2
41. Bc3 Rd8 42. Bg4 Qb5 43. Ra1 Qd3 44. Qxd3 Rxd3 45. Be1 Rb3 46. Bd1 Rd3 47.
Rxa6 Nd4 48. Ra1 Nge6 49. Rb1 Nc6 50. Be2 Rd4 51. b5 1-0

[Event "Skakligaen 2019-20"]
[Site "Denmark"]
[Date "2020.01.12"]
[Round "5.6"]
[White "Klitgaard, Thomas"]
[Black "Hansen, Mads"]
[Result "1-0"]
[WhiteElo "2173"]
[BlackElo "2408"]
[PlyCount "53"]
[EventDate "2019.11.23"]
[EventType "team-tourn"]
[EventRounds "9"]
[WhiteTeam "Nordre"]
[BlackTeam "Skanderborg"]
[WhiteTeamCountry "DEN"]
[BlackTeamCountry "DEN"]

1. d4 Nf6 2. Bg5 e6 3. Nd2 h6 4. Bh4 c5 5. e3 d5 6. c3 Nc6 7. Ngf3 Bd6 8. Bd3
O-O 9. O-O b6 10. Re1 e5 11. Bb5 e4 12. Bxc6 exf3 13. Bxa8 Bxh2+ 14. Kh1 g5 15.
Kxh2 gxh4 16. Qxf3 Ng4+ 17. Kg1 Be6 18. Bxd5 Qxd5 19. Qxd5 Bxd5 20. f3 Nf6 21.
Kf2 Be6 22. Rh1 cxd4 23. cxd4 h3 24. gxh3 Nd5 25. a3 f5 26. Rac1 Kf7 27. Nc4
1-0

[Event "Skakligaen 2019-20"]
[Site "Denmark"]
[Date "2020.01.12"]
[Round "5.7"]
[White "Rostgaard, Tobias Valentin"]
[Black "Nielsen, Poul Erik"]
[Result "1-0"]
[WhiteElo "2357"]
[BlackElo "2187"]
[PlyCount "75"]
[EventDate "2019.11.23"]
[EventType "team-tourn"]
[EventRounds "9"]
[WhiteTeam "Skanderborg"]
[BlackTeam "Nordre"]
[WhiteTeamCountry "DEN"]
[BlackTeamCountry "DEN"]

1. e4 c5 2. Nc3 Nc6 3. f4 g6 4. Nf3 Bg7 5. Bb5 a6 6. Bxc6 dxc6 7. d3 Nf6 8. a4
a5 9. Be3 b6 10. h3 O-O 11. O-O Ne8 12. Qe1 Nc7 13. f5 gxf5 14. Qh4 f6 15. exf5
Bxf5 16. Qg3 Nd5 17. Bd2 Qc7 18. Nxd5 Qxg3 19. Nxe7+ Kh8 20. Nxf5 Qc7 21. Bc3
h6 22. Nd2 Rae8 23. Ne4 Re5 24. Rf3 Kh7 25. Raf1 Bh8 26. Rf4 Rg8 27. Rh4 Rg6
28. Bd2 Bg7 29. b3 Qd8 30. Rhf4 Bh8 31. Bc3 Rg5 32. Bxe5 fxe5 33. Nxg5+ Qxg5
34. Rh4 Qd2 35. Rxh6+ Kg8 36. Ne7+ Kg7 37. Rg6+ Kh7 38. Rf7+ 1-0

[Event "Skakligaen 2019-20"]
[Site "Denmark"]
[Date "2020.01.12"]
[Round "5.8"]
[White "Hoiberg, Nina"]
[Black "Brondt, Nicolai Kvist"]
[Result "1/2-1/2"]
[WhiteElo "2187"]
[BlackElo "2244"]
[PlyCount "161"]
[EventDate "2019.11.23"]
[EventType "team-tourn"]
[EventRounds "9"]
[WhiteTeam "Nordre"]
[BlackTeam "Skanderborg"]
[WhiteTeamCountry "DEN"]
[BlackTeamCountry "DEN"]

1. e4 c5 2. Nf3 e6 3. d4 cxd4 4. Nxd4 Nc6 5. Nc3 Qc7 6. Be3 a6 7. Be2 Nf6 8. f4
d6 9. O-O Be7 10. Bf3 O-O 11. Qe1 Rd8 12. Qf2 d5 13. e5 Nd7 14. Bxd5 Nxd4 15.
Bxd4 Nc5 16. Bf3 Rxd4 17. Qxd4 Nb3 18. Qd3 Nxa1 19. Rxa1 Bd7 20. Be4 g6 21. Qf3
Rd8 22. Kh1 b5 23. Bd3 Qa5 24. Ne4 Qb4 25. Rb1 Kg7 26. a3 Qd4 27. Qf2 Qd5 28.
Nf6 Bxf6 29. exf6+ Kg8 30. Re1 Bc6 31. Be4 Qd6 32. Bxc6 Qxc6 33. h3 h6 34. Qe2
Qd5 35. Qe5 Kh7 36. Qxd5 Rxd5 37. Re5 Rd4 38. Rc5 Rxf4 39. Rc6 Rf2 40. Kg1 Rd2
41. Rc7 g5 42. Rxf7+ Kg6 43. Ra7 Kxf6 44. Rxa6 Rxc2 45. b4 h5 46. Rb6 Ra2 47.
Rxb5 Rxa3 48. h4 e5 49. hxg5+ Kxg5 50. Rxe5+ Kg4 51. Kh2 h4 52. Re4+ Kg5 53.
Re8 Rb3 54. Rb8 Kf6 55. b5 Ke6 56. b6 Kd7 57. b7 Kc6 58. Rc8+ Kxb7 59. Rc4 Re3
60. Rxh4 Kc6 61. Rd4 Kc5 62. Rd2 Re8 63. g4 Re3 64. Kg2 Kc6 65. Kf2 Ra3 66. Rd1
Rb3 67. Rd4 Kc5 68. Rd8 Kc6 69. Rd1 Ra3 70. Ke2 Rb3 71. Rd4 Kc5 72. Rd8 Rg3 73.
Rg8 Kd6 74. Kf2 Ra3 75. Re8 Rb3 76. Re1 Ra3 77. g5 Ra5 78. g6 Rf5+ 79. Ke2 Re5+
80. Kd2 Rxe1 81. Kxe1 1/2-1/2

[Event "Skakligaen 2019-20"]
[Site "Denmark"]
[Date "2020.01.12"]
[Round "5.1"]
[White "Thybo, Jesper Sondergaard"]
[Black "Glud, Jakob Vang"]
[Result "1-0"]
[WhiteElo "2574"]
[BlackElo "2550"]
[PlyCount "83"]
[EventDate "2019.11.23"]
[EventType "team-tourn"]
[EventRounds "9"]
[WhiteTeam "Jetsmark"]
[BlackTeam "Aarhus Skolerne"]
[WhiteTeamCountry "DEN"]
[BlackTeamCountry "DEN"]

1. d4 d5 2. c4 c6 3. Nf3 Nf6 4. Nc3 a6 5. c5 Bf5 6. Qb3 Ra7 7. Nh4 Be6 8. e3 g5
9. Nf3 h6 10. Ne5 Bf5 11. f3 Nfd7 12. Nxd7 Nxd7 13. e4 Be6 14. Qc2 Bg7 15. Be3
b6 16. cxb6 Nxb6 17. Rd1 O-O 18. h4 g4 19. e5 f6 20. Bxh6 Bxh6 21. Qg6+ Bg7 22.
Bd3 Rf7 23. h5 Kf8 24. f4 fxe5 25. h6 Bh8 26. fxe5 Bc8 27. e6 Bxe6 28. Qxe6 Qd6
29. Qxg4 e5 30. h7 Qf6 31. Qg8+ Ke7 32. Rf1 Qh4+ 33. Kd2 Rf2+ 34. Kc1 Ra8 35.
Rxf2 Qxf2 36. Rf1 Qe3+ 37. Kc2 exd4 38. Na4 Nc4 39. Rf7+ Kd6 40. Qg6+ Qe6 41.
Rd7+ Ke5 42. Qg5+ 1-0

[Event "Skakligaen 2019-20"]
[Site "Denmark"]
[Date "2020.01.12"]
[Round "5.2"]
[White "Skytte, Rasmus"]
[Black "Rasmussen, Allan Stig"]
[Result "1/2-1/2"]
[WhiteElo "2373"]
[BlackElo "2559"]
[PlyCount "27"]
[EventDate "2019.11.23"]
[EventType "team-tourn"]
[EventRounds "9"]
[WhiteTeam "Aarhus Skolerne"]
[BlackTeam "Jetsmark"]
[WhiteTeamCountry "DEN"]
[BlackTeamCountry "DEN"]

1. e4 e6 2. d4 d5 3. Nc3 Nf6 4. e5 Nfd7 5. f4 c5 6. Nf3 Be7 7. Be3 b6 8. Bd3
Ba6 9. Bxa6 Nxa6 10. O-O Nb4 11. Ne2 g6 12. a3 Nc6 13. c4 cxd4 14. Nexd4
1/2-1/2

[Event "Skakligaen 2019-20"]
[Site "Denmark"]
[Date "2020.01.12"]
[Round "5.3"]
[White "Thogersen, Rasmus"]
[Black "Sorensen, Jan"]
[Result "1-0"]
[WhiteElo "2248"]
[BlackElo "2395"]
[PlyCount "165"]
[EventDate "2019.11.23"]
[EventType "team-tourn"]
[EventRounds "9"]
[WhiteTeam "Jetsmark"]
[BlackTeam "Aarhus Skolerne"]
[WhiteTeamCountry "DEN"]
[BlackTeamCountry "DEN"]

1. e4 e6 2. d4 d5 3. Nc3 Bb4 4. e5 b6 5. a3 Bf8 6. Bb5+ Bd7 7. Bd3 c5 8. f4 Nc6
9. Nf3 Nh6 10. O-O a6 11. Kh1 c4 12. Be2 b5 13. g4 Nxg4 14. f5 Qb6 15. fxe6
Bxe6 16. Ng5 Nh6 17. Nxe6 fxe6 18. Bxh6 gxh6 19. Rf6 Nd8 20. Bh5+ Kd7 21. Qf3
Qxd4 22. Rd1 Qxe5 23. Nxd5 Bd6 24. Nb6+ Kc7 25. Nxa8+ Kb8 26. Rxd6 Qxd6 27. Qe4
Rg8 28. Bf3 Qc5 29. Bg2 h5 30. Qf4+ Kc8 31. Qe4 Rg4 32. Qe2 Qd4 33. Rf8 Qd6 34.
Rf1 Rd4 35. Qxh5 Rd2 36. Be4 Qd4 37. Qxh7 Qe5 38. Nb6+ Kb8 39. Bf3 Qd6 40. Na8
Qe5 41. c3 Qd6 42. Qh4 Nc6 43. Rf2 Rd3 44. Nb6 Qc5 45. Qg3+ Kb7 46. Na8 Rd7 47.
Rd2 Rf7 48. Rd6 Rxf3 49. Rd7+ Kxa8 50. Qxf3 Kb8 51. Qf4+ Ne5 52. Rd4 Kb7 53.
Re4 Nd3 54. Qf7+ Kb6 55. Rxe6+ Ka5 56. Qb7 Ka4 57. Qxa6+ Kb3 58. Qc6 Qf5 59.
Rf6 Qg5 60. Qf3 Qc1+ 61. Qf1 Qxb2 62. Rf3 Kxc3 63. Qe1+ Kd4 64. Qe3+ Kc3 65.
Qe5+ Kc2 66. Qe2+ Kc3 67. Qe5+ Kc2 68. Qe2+ Kc3 69. Qxb2+ Kxb2 70. h4 Ne5 71.
Rf5 Kxa3 72. Rxe5 b4 73. Ra5+ Kb2 74. h5 c3 75. h6 c2 76. Rc5 b3 77. h7 c1=Q+
78. Rxc1 Kxc1 79. h8=Q b2 80. Qc3+ Kb1 81. Kg2 Ka2 82. Qc2 Ka1 83. Qa4+ 1-0

[Event "Skakligaen 2019-20"]
[Site "Denmark"]
[Date "2020.01.12"]
[Round "5.4"]
[White "Vinther Schou, Uffe"]
[Black "Heimisson, Hilmir Freyr"]
[Result "0-1"]
[WhiteElo "2361"]
[BlackElo "2234"]
[PlyCount "86"]
[EventDate "2019.11.23"]
[EventType "team-tourn"]
[EventRounds "9"]
[WhiteTeam "Aarhus Skolerne"]
[BlackTeam "Jetsmark"]
[WhiteTeamCountry "DEN"]
[BlackTeamCountry "DEN"]

1. Nf3 d5 2. c4 d4 3. g3 Nc6 4. d3 e5 5. Bg2 Nf6 6. O-O Bd6 7. Na3 O-O 8. Nc2
a5 9. b3 Re8 10. Rb1 Bd7 11. Bb2 Bc5 12. e3 Bg4 13. h3 Bh5 14. e4 Qd7 15. a3
Rab8 16. Bc1 b5 17. cxb5 Rxb5 18. g4 Bg6 19. Bg5 Qe6 20. Nd2 h5 21. Bxf6 Qxf6
22. gxh5 Bh7 23. Qg4 Qh6 24. Nc4 Reb8 25. f4 exf4 26. Rxf4 Bd6 27. Nxd6 cxd6
28. Rbf1 Ne5 29. Qe2 Rxb3 30. Nxd4 Rb2 31. Qe3 Qg5 32. Ne2 Qxh5 33. Ng3 Qg5 34.
h4 Qh6 35. h5 Qg5 36. Bh3 R2b3 37. Rd1 Rxa3 38. Kh2 Rab3 39. Kh1 Rb2 40. Nf1
Qxh5 41. Re1 g5 42. Rf6 Kg7 43. Rxd6 Nf3 0-1

[Event "Skakligaen 2019-20"]
[Site "Denmark"]
[Date "2020.01.12"]
[Round "5.5"]
[White "Rosenkilde, Alexander"]
[Black "Christensen, Tobias"]
[Result "1-0"]
[WhiteElo "2252"]
[BlackElo "2337"]
[PlyCount "82"]
[EventDate "2019.11.23"]
[EventType "team-tourn"]
[EventRounds "9"]
[WhiteTeam "Jetsmark"]
[BlackTeam "Aarhus Skolerne"]
[WhiteTeamCountry "DEN"]
[BlackTeamCountry "DEN"]

1. d4 Nf6 2. c4 g6 3. Nc3 Bg7 4. Bg5 c5 5. d5 h6 6. Bf4 Qa5 7. Bd2 d6 8. e4 O-O
9. Be2 a6 10. a4 Qb6 11. Nf3 e6 12. O-O exd5 13. cxd5 Bg4 14. Qc2 Nbd7 15. Be3
Rfe8 16. Rfe1 Qb4 17. a5 Nxe4 18. Ra4 Nxc3 19. Rxb4 Nxe2+ 20. Qxe2 cxb4 21. h3
Bxf3 22. Qxf3 Rac8 23. Qe2 b3 24. Qd3 Nc5 25. Qd2 Bxb2 26. Qxb2 Nd3 27. Qf6
Rxe3 28. fxe3 Nxe1 29. Qb2 Nxg2 30. Qxb3 Nh4 31. Qxb7 Rc1+ 32. Kf2 Rc2+ 33. Kf1
Nf5 34. Qxa6 Nxe3+ 35. Kg1 Nf5 36. Qb6 Kh7 37. a6 Nh4 38. Qxd6 Nf3+ 39. Kf1 Ra2
40. Qf6 Nd2+ 41. Ke1 Kg8 1-0

[Event "Skakligaen 2019-20"]
[Site "Denmark"]
[Date "2020.01.12"]
[Round "5.6"]
[White "Sobjerg, Erik"]
[Black "Jensen, Bjarke"]
[Result "1/2-1/2"]
[WhiteElo "2289"]
[BlackElo "2328"]
[PlyCount "73"]
[EventDate "2019.11.23"]
[EventType "team-tourn"]
[EventRounds "9"]
[WhiteTeam "Aarhus Skolerne"]
[BlackTeam "Jetsmark"]
[WhiteTeamCountry "DEN"]
[BlackTeamCountry "DEN"]

1. e4 c5 2. Nf3 d6 3. d4 cxd4 4. Nxd4 Nf6 5. Nc3 g6 6. Be3 Bg7 7. f3 O-O 8. Qd2
Nc6 9. O-O-O d5 10. Nxc6 bxc6 11. Bh6 Be6 12. Bxg7 Kxg7 13. e5 Nd7 14. h4 h5
15. g4 hxg4 16. h5 Rh8 17. Qg5 Rh6 18. Bd3 Qh8 19. Bxg6 Kf8 20. Bf5 Nxe5 21.
fxg4 Bxf5 22. Qxf5 e6 23. Qf2 Qf6 24. Qc5+ Qe7 25. Qe3 Nxg4 26. Qf4 f5 27. Rdg1
Kg7 28. Ne2 Kh7 29. Nd4 Rf8 30. Nxc6 Qg7 31. Qd6 Rf7 32. Re1 e5 33. Qxd5 Rd7
34. Qb5 Rb7 35. Qd5 Rd7 36. Qb5 Rb7 37. Qd5 1/2-1/2

[Event "Skakligaen 2019-20"]
[Site "Denmark"]
[Date "2020.01.12"]
[Round "5.7"]
[White "Wiwe, Andreas"]
[Black "Sogaard, Soren"]
[Result "1/2-1/2"]
[WhiteElo "2304"]
[BlackElo "2248"]
[PlyCount "107"]
[EventDate "2019.11.23"]
[EventType "team-tourn"]
[EventRounds "9"]
[WhiteTeam "Jetsmark"]
[BlackTeam "Aarhus Skolerne"]
[WhiteTeamCountry "DEN"]
[BlackTeamCountry "DEN"]

1. e4 e6 2. d4 d5 3. Nc3 Bb4 4. e5 Ne7 5. a3 Bxc3+ 6. bxc3 b6 7. Qg4 Ng6 8. h4
h5 9. Qg3 Ba6 10. Bxa6 Nxa6 11. Qd3 Nb8 12. Nf3 Nc6 13. Bg5 Qd7 14. c4 Na5 15.
cxd5 Qxd5 16. O-O O-O 17. Rfe1 Rfc8 18. g4 hxg4 19. Nh2 Qc4 20. Qxc4 Nxc4 21.
h5 Nf8 22. Nxg4 Nh7 23. Be7 Re8 24. Bh4 Rac8 25. Ne3 Nxe3 26. Rxe3 c5 27. c3
cxd4 28. cxd4 Rc4 29. Rd1 f6 30. Kg2 Kf7 31. f4 Rd8 32. Red3 Rd5 33. Bf2 Nf8
34. Rg1 Rc2 35. Rg3 Rxd4 36. Kf3 Rc3+ 37. Be3 fxe5 38. Rxg7+ Ke8 39. fxe5 Rh4
40. R7g5 Rxa3 41. R1g4 Rh3+ 42. Rg3 Rh4 43. Kg2 Raa4 44. Bf2 Raf4 45. Be3 Rf5
46. Rxf5 exf5 47. Rg5 Re4 48. Kf3 Rxe5 49. h6 Re7 50. Rxf5 Rf7 51. Ke4 Rxf5 52.
Kxf5 Kf7 53. Bd4 Nh7 54. Bf2 1/2-1/2

[Event "Skakligaen 2019-20"]
[Site "Denmark"]
[Date "2020.01.12"]
[Round "5.8"]
[White "Dumas, Charles"]
[Black "Rathlev, Jakob"]
[Result "1-0"]
[WhiteElo "2254"]
[BlackElo "2233"]
[PlyCount "127"]
[EventDate "2019.11.23"]
[EventType "team-tourn"]
[EventRounds "9"]
[WhiteTeam "Aarhus Skolerne"]
[BlackTeam "Jetsmark"]
[WhiteTeamCountry "DEN"]
[BlackTeamCountry "DEN"]

1. e4 c6 2. d4 d5 3. Nd2 dxe4 4. Nxe4 Bf5 5. Ng3 Bg6 6. h4 h6 7. Nf3 Nf6 8. Ne5
Bh7 9. Bc4 e6 10. O-O Bd6 11. c3 O-O 12. Qf3 Nbd7 13. Re1 Nd5 14. Nxd7 Qxd7 15.
Nh5 Be7 16. Qg4 Bg6 17. Bd3 Bxh5 18. Qxh5 Nf6 19. Qf3 Qd5 20. Qxd5 cxd5 21. a4
a5 22. Bd2 Rfc8 23. f3 Bd6 24. Be3 h5 25. Kf2 g6 26. Bd2 Kg7 27. Re2 Ne8 28. g4
Nf6 29. Rg1 Rh8 30. g5 Ng8 31. b3 Ne7 32. c4 b6 33. Rc1 Rac8 34. Be3 Ba3 35.
Ra1 Bb4 36. Rc1 Rc6 37. Rec2 Rhc8 38. Bf4 Nf5 39. cxd5 Rxc2+ 40. Rxc2 Rxc2+ 41.
Bxc2 exd5 42. Be5+ Kf8 43. Bxf5 gxf5 44. Bc7 Ke7 45. Bxb6 Kd7 46. Ke2 Kc6 47.
Bd8 Bc3 48. Bf6 Kd7 49. Be5 Ke6 50. Bf4 Bxd4 51. Bd2 Bb6 52. b4 axb4 53. Bxb4
Kd7 54. a5 Bg1 55. Be1 Kc6 56. Bf2 Bh2 57. a6 f4 58. Kf1 Bg3 59. Bxg3 fxg3 60.
Kg2 Kb6 61. Kxg3 Kxa6 62. f4 Kb5 63. f5 Kc4 64. g6 1-0

[Event "Skakligaen 2019-20"]
[Site "Denmark"]
[Date "2020.01.26"]
[Round "6.1"]
[White "Andersen, Mads"]
[Black "Berkes, Ferenc"]
[Result "0-1"]
[WhiteElo "2601"]
[BlackElo "2647"]
[PlyCount "72"]
[EventDate "2019.11.23"]
[EventType "team-tourn"]
[EventRounds "9"]
[WhiteTeam "Skanderborg"]
[BlackTeam "Koge"]
[WhiteTeamCountry "DEN"]
[BlackTeamCountry "DEN"]

1. d4 d5 2. c4 c6 3. Nf3 Nf6 4. Nbd2 Bf5 5. Nh4 Be4 6. Qb3 Nbd7 7. f3 Bg6 8.
cxd5 cxd5 9. Qxb7 e5 10. dxe5 Nxe5 11. g3 Bc5 12. Nb3 Rb8 13. Qa6 Bb4+ 14. Bd2
Bxd2+ 15. Nxd2 O-O 16. Nxg6 hxg6 17. Nb3 Qe7 18. Bg2 Nc4 19. O-O Rb6 20. Qa4 a5
21. Kh1 Rb4 22. Qc6 Qxe2 23. Qc5 Ne3 24. Rg1 Nxg2 25. Rxg2 Qxf3 26. Qxa5 Rfb8
27. Re1 Ng4 28. Kg1 d4 29. Qc5 d3 30. h3 Nf6 31. Qe3 Qd5 32. Rd1 Re4 33. Qc5
Qd7 34. g4 Re2 35. Qd4 Rxg2+ 36. Kxg2 Rxb3 0-1

[Event "Skakligaen 2019-20"]
[Site "Denmark"]
[Date "2020.01.26"]
[Round "6.2"]
[White "Banusz, Tamas"]
[Black "Bjerre, Jonas Buhl"]
[Result "1-0"]
[WhiteElo "2620"]
[BlackElo "2529"]
[PlyCount "61"]
[EventDate "2019.11.23"]
[EventType "team-tourn"]
[EventRounds "9"]
[WhiteTeam "Koge"]
[BlackTeam "Skanderborg"]
[WhiteTeamCountry "DEN"]
[BlackTeamCountry "DEN"]

1. d4 Nf6 2. c4 e6 3. Nc3 Bb4 4. e3 O-O 5. Bd2 d5 6. Nf3 b6 7. cxd5 exd5 8. Rc1
Bb7 9. Bd3 Nbd7 10. O-O a6 11. Ne5 Nxe5 12. dxe5 Nd7 13. f4 Nc5 14. Bc2 d4 15.
Na4 Bxd2 16. Qxd2 Ne6 17. Rcd1 b5 18. f5 bxa4 19. fxe6 fxe6 20. Rxf8+ Qxf8 21.
Qxd4 Qe7 22. Bxa4 Qg5 23. Rd2 Rf8 24. Bb3 Qf5 25. h3 h5 26. Kh2 Qg6 27. Qd7 Bc8
28. Qe7 Qf5 29. Rd8 Qxe5+ 30. Kh1 Qf5 31. Rxc8 1-0

[Event "Skakligaen 2019-20"]
[Site "Denmark"]
[Date "2020.01.26"]
[Round "6.3"]
[White "Ochsner, Bjorn Moller"]
[Black "Papp, Gabor"]
[Result "1/2-1/2"]
[WhiteElo "2491"]
[BlackElo "2589"]
[PlyCount "82"]
[EventDate "2019.11.23"]
[EventType "team-tourn"]
[EventRounds "9"]
[WhiteTeam "Skanderborg"]
[BlackTeam "Koge"]
[WhiteTeamCountry "DEN"]
[BlackTeamCountry "DEN"]

1. e4 e5 2. Nf3 Nf6 3. Nxe5 d6 4. Nf3 Nxe4 5. d4 d5 6. Bd3 Bd6 7. O-O O-O 8. c4
c6 9. Nc3 Nxc3 10. bxc3 dxc4 11. Bxc4 Bf5 12. Bg5 Qa5 13. Nh4 Be6 14. Bxe6 Qxg5
15. Nf3 Qa5 16. Bb3 Nd7 17. Qd3 Nf6 18. g3 g6 19. Rfe1 Rae8 20. Kg2 Kg7 21. h4
h6 22. Nd2 Qd8 23. Qf3 Bc7 24. Rxe8 Qxe8 25. Rb1 Qe7 26. Bd1 Rb8 27. Qd3 h5 28.
Bf3 c5 29. dxc5 Qxc5 30. Rxb7 Bb6 31. Rxb8 Qxf2+ 32. Kh3 Bc7 33. Ne4 Nxe4 34.
Bxe4 Bxb8 35. Qd4+ Qxd4 36. cxd4 Kf6 37. Bc6 a5 38. Kg2 Ba7 39. d5 Ke7 40. Kf3
Bb8 41. Bb5 Bc7 1/2-1/2

[Event "Skakligaen 2019-20"]
[Site "Denmark"]
[Date "2020.01.26"]
[Round "6.4"]
[White "Brunello, Sabino"]
[Black "Olsen, Filip Boe"]
[Result "1-0"]
[WhiteElo "2549"]
[BlackElo "2348"]
[PlyCount "79"]
[EventDate "2019.11.23"]
[EventType "team-tourn"]
[EventRounds "9"]
[WhiteTeam "Koge"]
[BlackTeam "Skanderborg"]
[WhiteTeamCountry "DEN"]
[BlackTeamCountry "DEN"]

1. d4 Nf6 2. c4 e6 3. Nf3 d5 4. Nc3 c6 5. e3 Nbd7 6. Qc2 Bd6 7. Be2 O-O 8. O-O
e5 9. cxd5 cxd5 10. dxe5 Nxe5 11. Rd1 Be6 12. Ng5 Rc8 13. f4 Nc6 14. Bd3 h6 15.
Nxe6 fxe6 16. Qe2 a6 17. Kh1 Bb8 18. Bd2 Kh8 19. Be1 Qe8 20. Bh4 Rd8 21. g4 Rd7
22. g5 hxg5 23. Bxg5 Qh5 24. Qg2 Nh7 25. Be2 Qf7 26. Rg1 d4 27. exd4 Nxd4 28.
Bg4 Kg8 29. Raf1 Nf5 30. Qh3 Rd2 31. Bh6 gxh6 32. Bxf5+ Kh8 33. Bxe6 Qc7 34.
Qxh6 Ba7 35. Nd5 Rxd5 36. Bxd5 Bxg1 37. Rxg1 Qd7 38. Qh5 Qd6 39. Be4 Qe7 40.
Bxh7 1-0

[Event "Skakligaen 2019-20"]
[Site "Denmark"]
[Date "2020.01.26"]
[Round "6.5"]
[White "Pedersen, Nicolai Vesterbaek"]
[Black "Rozentalis, Eduardas"]
[Result "0-1"]
[WhiteElo "2391"]
[BlackElo "2547"]
[PlyCount "36"]
[EventDate "2019.11.23"]
[EventType "team-tourn"]
[EventRounds "9"]
[WhiteTeam "Skanderborg"]
[BlackTeam "Koge"]
[WhiteTeamCountry "DEN"]
[BlackTeamCountry "DEN"]

1. d4 Nf6 2. c4 e6 3. Nc3 Bb4 4. Qc2 b6 5. a3 Bxc3+ 6. Qxc3 Ba6 7. Bg5 d6 8. e3
Nbd7 9. Nf3 Rc8 10. b4 c5 11. dxc5 bxc5 12. b5 Bb7 13. Bd3 Bxf3 14. gxf3 Ne5
15. Be2 a6 16. a4 h6 17. Bh4 Ne4 18. Qxe5 Qa5+ 0-1

[Event "Skakligaen 2019-20"]
[Site "Denmark"]
[Date "2020.01.26"]
[Round "6.6"]
[White "Danielsen, Henrik"]
[Black "Hansen, Mads"]
[Result "1-0"]
[WhiteElo "2497"]
[BlackElo "2408"]
[PlyCount "63"]
[EventDate "2019.11.23"]
[EventType "team-tourn"]
[EventRounds "9"]
[WhiteTeam "Koge"]
[BlackTeam "Skanderborg"]
[WhiteTeamCountry "DEN"]
[BlackTeamCountry "DEN"]

1. e4 e5 2. Nf3 Nc6 3. Be2 Nf6 4. d3 d5 5. Nbd2 g6 6. O-O Bg7 7. a3 a5 8. b3
O-O 9. Bb2 Re8 10. c3 Nh5 11. g3 Bg4 12. Re1 Bh6 13. b4 axb4 14. axb4 Rxa1 15.
Bxa1 Nf6 16. exd5 Qxd5 17. c4 Qd6 18. b5 Bxd2 19. Qxd2 Bxf3 20. Bxf3 Nd8 21.
Qc3 Nd7 22. d4 f6 23. c5 Qe6 24. Bxb7 Nxb7 25. c6 Nd6 26. cxd7 Qxd7 27. dxe5
Nf7 28. Qc4 fxe5 29. Rxe5 Kf8 30. Rxe8+ Qxe8 31. Qc5+ Nd6 32. Be5 1-0